000 00297nam a22001337a 4500
008 170216b xxu||||| |||| 00| 0 eng d
020 _a9780890439425
041 _aeng
080 _a615
100 _a5
101 _aSHF
245 _aCOMPLETE DRUG REFERENCE
_cCONSUMER RESPORTS
942 _2udc
_cBK
999 _c5716
_d5716